000 00545nam a2200181Ia 4500
005 20250508151859.0
008 008 250505s9999 xx 000 0 eng d
037 _aTextual
040 _aFEDL
_beng
_cFEDL
041 _aeng
_2eng
084 _a428, MAC
_qFEDL
245 0 _aLittle books
260 _aBombay, India
_bThe Macmillan and Co Ltd
300 _a16p
546 _aNo.6 Box shop; No. 7. Mother's letter; No. 8. Mother's first story. No.9. The stick children
942 _cTEXL
_h428, MAC
999 _c1332671
_d1332671